000 00472nam a2200169Ia 4500
001 24610
003 IN-NITTTR
005 20251114233314.0
008 251113s9999||||xx |||||||||||||| ||eng||
040 _beng
040 _cIN-NITTTR
041 _aeng
082 _a629.2 A41A
100 _aAdhau, Sunil R.
245 3 _aAn approach to the development of processes for automobile component manufacturing in small scale industries. /
_cAdhau, Sunil R.
942 _2ddc
_cBK
999 _c27239
_d27239